Score 0/22 Timer 03:00
0 Plays Today
Two Clues 'H' Word % Correct
Thanksgiving or ChristmasHoliday
96%
Beehive or mohawkHairstyle
95%
Quarter-pounder or WhopperHamburger
94.7%
Beret or bowlerHat
92.8%
Civic or AccordHonda
92.5%
Ramada or Four SeasonsHotel
90%
Arabian or ClydesdaleHorse
87.3%
Mayo Clinic or Johns HopkinsHospital
86.2%
Frodo or BilboHobbit
86.2%
Basil or dillHerb
85%
Fish or grapplingHook
82.7%
Two Clues 'H' Word % Correct
Tubman or Beecher StoweHarriet
77.5%
Director Alfred or musician RobynHitchcock
75%
Nathan's Famous or Ball ParkHot dog
73.8%
Boeing CH-47 Chinook or Sikorsky S-64Helicopter
69.4%
Aaron or AzariaHank
69.2%
Garden or fireHose
65.5%
Ball-peen or clawHammer
60.7%
Bunker or BlueberryHill
60.2%
Pinter or RamisHarold
52.7%
Actor George or figure skater ScottHamilton
45.8%
Inguinal or femoralHernia
19.8%
Remove Ads.
Support Sporcle.
Get the best of Sporcle when you Go Orange. This ad-free experience offers more features, more stats, and more fun while also helping to support Sporcle. Thank you for becoming a member.

You're not logged in!

Compare scores with friends on all Sporcle quizzes.
OR
Log In

Show Comments

Extras

Top Quizzes Today


Score Distribution

Your Account Isn't Verified!

In order to create a playlist on Sporcle, you need to verify the email address you used during registration. Go to your Sporcle Settings to finish the process.

Report this User

Report this user for behavior that violates our Community Guidelines.

Details: